000 00607nam a2200229Ia 4500
003 OSt
005 20221007064656.0
006 a|||||r|||| 00| 0
007 ta
008 221006b |||||||| |||| 00| 0 eng d
024 _a15,916
037 _cTextual
040 _aFLL
_cFLL
_beng
041 _2eng
_aeng
082 _aX72:Z2q, L9
100 _aGupta H.R.
_9101732
245 0 _aAllied legislation affecting direct taxes
260 _aDelhi
_bLegal Study Circle India
_c1979
300 _a456p
_ccm.
942 _hX72:Z2q, L9
_cTEXL
_2CC
999 _c1134972
_d1134972